all champions league semi finalists since 2010 - Statistics

General Stats
  • This quiz has been taken 49 times
  • The average score is 36 of 52
Answer Stats
Hint Answer % Correct
2012 real madrid / / /
100%
2013 real madrid / / /
100%
2014 real madrid / / /
100%
2015 Real Madrid / / /
100%
2016 real madrid / / /
100%
2017 real madrid / / /
100%
2018 real madrid / / /
100%
2021 real madrid / / /
100%
2022 real madrid / / /
100%
2010 bayern / / /
86%
2012 bayern / / /
86%
2013 bayern / / /
86%
2014 bayern / / /
86%
2018 bayern / / /
86%
2020 bayern / / /
86%
2010 inter / / /
81%
2020 psg / / /
81%
2021 psg / / /
81%
2012 Chelsea / / /
79%
2014 chelsea / / /
79%
2021 chelsea / / /
79%
2015 juventus / / /
79%
2017 juventus / / /
79%
2018 liverpool / / /
77%
2019 liverpool / / /
77%
2022 liverpool / / /
77%
2011 man u / / /
77%
2016 man city / / /
74%
2021 man city / / /
74%
2022 man city / / /
74%
2013 dortmund / / /
72%
2019 ajax / / /
70%
2011 arsenal / / /
63%
2010 lyon / / /
58%
2020 lyon / / /
58%
2020 leipzig / / /
56%
2019 spurs / / /
56%
2018 roma / / /
53%
2017 monaco / / /
51%
2022 villarreal / / /
51%
2014 athletico / / /
44%
2016 athletico / / /
44%
2017 athletico / / /
44%
2011 schalke / / /
37%
2010 barcalona / / /
30%
2011 barcalona / / /
30%
2012 barcalona / / /
30%
2013 barcalona / / /
30%
2015 barcalona / / /
30%
2015 barcalona / / /
30%
2016 barcalona / / /
30%
2019 barcalona / / /
30%
No matching quizzes found
Score Distribution
Percent of People with Each Score
Percentile by Number Answered
Your Score History
You have not taken this quiz